عرض عادي
عرض مارك
- منظمة حلف شمال الأطلسي
دخول Corporate Name
001 - CONTROL NUMBER
- control field: 29426
003 - CONTROL NUMBER IDENTIFIER
- control field: AE-AdECS
005 - DATE AND TIME OF LATEST TRANSACTION
- control field: 20260501103236.0
008 - FIXED-LENGTH DATA ELEMENTS
- fixed length control field: 260501|| aca||aabn | a|a d
040 ## - CATALOGING SOURCE
- Original cataloging agency: AE-AdECS
- Transcribing agency: AE-AdECS
110 ## - HEADING--CORPORATE NAME
- Corporate name or jurisdiction name as entry element: منظمة حلف شمال الأطلسي
670 ## - SOURCE DATA FOUND
- Source citation: Work cat.: (AE-AdECS)294945: بوبوش، محمد، 1978- مؤلف. 29425, الأزمة الروسية الأوكرانية :
